000 00468nam a2200193Ia 4500
005 20240823012413.0
008 240823s9999||||xx |||||||||||||| ||und||
020 _a81-7008-215-3
041 _aENGLISH
082 _A620.1 P2
100 _aPunmia B C [etal]
245 0 _aMechanics of Materials
250 _a1st
260 _c2002
_b"Laxmi,New "
_aNew Delhi
500 _aYES
650 _aMaterials
_bAeronautical Engineering
942 _cBK
999 _c164307
_d164307